000 01374cad a22002655a 4500
001 L148700
008 091021e20091015xxk f s f000 0 eng d
020 _a9781409819035
035 _a(Sirsi) u148700
041 0 _aeng
050 0 4 _a711.52 $2 18
110 1 _aUnited Kingdom
_bDepartment for Communities and Local Government
_94939
245 0 0 _aThames Gateway eco-quarter
_bconsultation
_h[electronic resource]
260 _aLondon
_bDCLG
_c2009
505 2 _aSummary -- Background -- Policy context -- Objectives for an eco-quarter -- Eco-quarter characteristics -- Eco-quarter standards -- Delivering an eco-quarter -- Identifying an eco-quarter -- Consultation questions -- About this consultation -- Appendix 1
520 _aConsultation seeks views on a proposed process for Thames Gateway local authorities to bid for funding for an eco-quarter in the Thames Gateway that merits exemplar sustainability status. Also presents characteristics and standards to be met in an eco-quarter.
520 _aDeadline for comments is 20 December 2009.
521 _aAdvanced
590 _aKA
651 4 _aLondon
651 4 _aThames Gateway
690 _aPROPERTY-PROPERTY MANAGEMENT-REGENERATION
856 4 0 _uhttps://www.info4local.gov.uk/documents/consultations/1359224
_zView the consultation free of charge online at www.info4local.gov.uk...
942 _n0
999 _c110169
_d110169